| 000 | 00353nam a2200133Ia 4500 | ||
|---|---|---|---|
| 005 | 20260328101530.0 | ||
| 008 | 260328s9999||||xx |||||||||||||| ||und|| | ||
| 100 | _aCaudill, William W. | ||
| 245 | 0 |
_aToward better school Design / _cWilliam W. Caudill |
|
| 260 | _bDodge Corporation | ||
| 300 | _a271 p. | ||
| 650 | _aEDIFICACIONES ESCOLARES | ||
| 942 | _cBK | ||
| 999 |
_c9951 _d9951 |
||